000 01097nam a22002898i 4500
001 018235422
003 OSt
005 20260203094246.0
008 170211s2017 inu 000|0|eng|d
020 _a9781587147029 (Hardcover)
_cUSD 3.00
040 _aStDuBDS
_beng
_cStDuBDS
_erda
_dNUST
050 _aQA76.3 SAN
100 1 _aSantos, Omar
_eAuthor
245 1 0 _aCCNA cyber ops SECFND 210-250 official cert guide /
_cOmar Santos, Joseph Muniz and Stefano De Crescenzo.
260 _aIndianapolis, IN :
_bCisco Press,
_c©2017.
300 _axxxviii, 633 pages :
_bIllustrations ;
_c24 cm.
336 _atext
_2rdacontent
_btxt
337 _aunmediated
_2rdamedia
_bn
338 _avolume
_2rdacarrier
_bnc
440 _aCertification guide.
504 _aIncludes bibliographical references and index.
650 0 _aComputer security
_xExaminations
_vStudy guides.
650 0 _aElectronic data processing personnel
_xCertification
_vStudy guides.
700 1 _aMuniz, Joseph
_eAuthor
700 1 _aDe Crescenzo, Stefano
_eAuthor
942 _2lcc
_cBOOKS
_hQA76.3 SAN
_kQA
_mSAN
_n0
999 _c172610
_d172610